000 00750nam a2200253Ia 4500
003 OSt
005 20220926030423.0
006 a|||||r|||| 00| 0
007 ta
008 220923b |||||||| |||| 00| 0 eng d
037 _cGeneral Book
040 _aRTL
_cRTL
_beng
041 _2eng
_aeng
082 _aV44Q7.N6, K4
100 _aWeekes Richard V
_9334260
245 0 _aPakistan
_b Birth and growth of a Muslim nation
260 _aPrinceton
_bNew Jersey Van Nostrand
_c1964
300 _aix, 278p
_ccm.
490 _aAsia Library
500 _aBibliography: P 270-72; Appendix: P 268-69
650 _aPakistan History
_928228
942 _hV44Q7.N6, K4
_cGB
_2CC
999 _c649696
_d649696